000 00278nam a22001337a 4500
008 170209b xxu||||| |||| 00| 0 eng d
020 _a9780786707324
041 _aeng
080 _a61
100 _a4
101 _aSHM
245 _aMODERN MEDICINE
_cFANU LE
942 _2udc
_cBK
999 _c5010
_d5010